| 000 | 00472cam a2200193ua 4500 | ||
|---|---|---|---|
| 001 | 7179 | ||
| 008 | 141203n ii |||gr||||Z||||||asm | ||
| 020 | _a9789381784211 | ||
| 040 | _cMAIN | ||
| 041 | _aasm | ||
| 082 | _a300 | ||
| 100 |
_aHazarika, Dhiren, _eAuthor. |
||
| 245 |
_aSamajik jarip, gavesana pranali aru parisankha _cBy Dhiren Hazarika |
||
| 250 | _a2nd. | ||
| 260 |
_aJorhat: _bBidya bhawan, _c2013. |
||
| 300 | _a228p. | ||
| 653 | _aSociology | ||
| 942 | _cBK | ||
| 999 |
_c6305 _d6305 |
||